Aspects of the merrifield peptide synthesis (Record no. 31678)

MARC details
000 -LEADER
fixed length control field 00463nam a2200157Ia 4500
082 ## - DEWEY DECIMAL CLASSIFICATION NUMBER
Classification number 577.122:547.96
Item number BIR
100 ## - MAIN ENTRY--AUTHOR NAME
Personal name BIRR, Christian
245 #0 - TITLE STATEMENT
Title Aspects of the merrifield peptide synthesis
260 ## - PUBLICATION, DISTRIBUTION, ETC. (IMPRINT)
Place of publication Berlin
Name of publisher Springer
Year of publication 1978
490 ## - SERIES STATEMENT
Series statement Reactivity and structure concepts in organic chemistry. V 8
650 ## - SUBJECT ADDED ENTRY--TOPICAL TERM
Topical Term Merrifield peptide synthesis
650 ## - SUBJECT ADDED ENTRY--TOPICAL TERM
Topical Term Peptide
650 ## - SUBJECT ADDED ENTRY--TOPICAL TERM
Topical Term Protein
942 ## - ADDED ENTRY ELEMENTS (KOHA)
Koha item type Books
Holdings
Withdrawn status Lost status Damaged status Not for loan Home library Current library Date acquired Full call number Accession Number Koha item type
        RRII Library RRII Library 16/12/2021 577.122:547.96 BIR 12219 Books